Sports Quiz

Random Sports or Soccer Quiz

2018-19 Russian Football Teams Quiz Stats

 Plays Quiz not verified by Sporcle

Score 0/36 Timer 05:00
3 Plays Today
Hint Answer % Correct
Premier LeagueZenit St Petersburg
94.4%
National Football LeagueZenit-2 St Petersburg
94.4%
Premier LeagueCSKA Moscow
92.9%
Premier LeagueSpartak Moscow
92.9%
National Football LeagueSpartak-2 Moscow
92.7%
Premier LeagueLokomotiv Moscow
90%
Premier LeagueDynamo Moscow
86.3%
Premier LeagueKrasnodar
82.2%
Premier LeagueAnzhi Makhachkala
80.4%
Premier LeagueRubin Kazan
79.7%
National Football LeagueKrasnodar-2
77.8%
Premier LeagueRostov
76.8%
Premier LeagueAkhmat Grozny
71.9%
National Football LeaguePFC Sochi
71.6%
Premier LeagueUfa
71.1%
Premier LeagueUral Yekaterinburg
66%
National Football LeagueTom Tomsk
65.3%
Premier LeagueArsenal Tula
63.1%
Hint Answer % Correct
Premier LeagueOrenburg
60.4%
Premier LeagueKrylia Sovetov Samara
59.2%
National Football LeagueBaltika Kaliningrad
52.6%
National Football LeagueLuch Vladivostok
52.3%
Premier LeagueYenisey Krasnoyarsk
50.6%
National Football LeagueRotor Volgograd
49.1%
National Football LeagueSKA-Khabarovsk
49.1%
National Football LeagueChertanovo Moscow
48.4%
National Football LeagueTambov
45%
National Football LeagueSibir Novosibirsk
42.1%
National Football LeagueArmavir
41.6%
National Football LeagueKhimki
41.3%
National Football LeagueNizhny Novgorod
41.1%
National Football LeagueMordovia Saransk
40.8%
National Football LeagueShinnik Yaroslavl
40.1%
National Football LeagueFakel Voronezh
39.6%
National Football LeagueAvangard Kursk
37.9%
National Football LeagueTyumen
35.9%

You're not logged in!

Compare scores with friends on all Sporcle quizzes.
OR
Log In

Sporcle TV

Today on Sporcle TV


Watch our educational content, quiz creation guides, and fun videos on Sporcle TV.

Show Comments

Extras

Top Quizzes Today


Score Distribution

Your Account Isn't Verified!

In order to create a playlist on Sporcle, you need to verify the email address you used during registration. Go to your Sporcle Settings to finish the process.

Report this User

Report this user for behavior that violates our Community Guidelines.

Details: